La experiencia de la LIX legislatura de la cm̀ara de diputados en materia de presupuestos pro equidad de gňero

Detalles Bibliográficos
Autor principal: Garca̕ Hernǹdez, Magdalena
Otros Autores: Huerta Garca̕, Magdalena
Formato: eBook
Lenguaje:español
Publicado: Ciudad de Mx̌ico: Cm̀ara de Diputados, 2007
Materias:
Acceso en línea:Acceso restringido

MARC

LEADER 00000nam a22000007a 4500
005 20170829012225.0
007 cr|||| ||||
008 170829s2007 mx |||||s||||f00||0 spa d
035 |a 20469 
040 |a vLex 
090 |c 6870  |d 6870 
100 1 |a Garca̕ Hernǹdez, Magdalena 
245 1 2 |a La experiencia de la LIX legislatura de la cm̀ara de diputados en materia de presupuestos pro equidad de gňero  |h [Recurso electrn̤ico] /  |c Magdalena Garca̕ Hernǹdez, Magdalena Huerta Garca̕ 
256 |a Servicio en ln̕ea 
260 |a Ciudad de Mx̌ico:  |b Cm̀ara de Diputados,  |c 2007 
300 |a 1 recurso electrn̤ico 
506 1 |a Disponible solo en los productos indicados  |d vLex Global  |d vLex Global (Academic Edition, excluding Law Schools)  |d vLex Global (U.S. Academic Edition, Law Schools)  |d vLex Global (U.S. Academic Edition, excluding Law Schools)  |d vLex Global (Academic Edition, Law Schools) 
650 0 4 |a Derecho Civil  |z Mx̌ico 
650 0 4 |a Derecho Constitucional  |z Mx̌ico 
700 1 |a Huerta Garca̕, Magdalena 
740 0 |a vLex Libros (Servicio en ln̕ea) 
856 4 0 |u http://vlex.com/source/experiencia-de-la-lix-legislatura-de-la-camara-de-diputados-en-materia-de-presupuestos-pro-equidad-de-genero-20469  |z Acceso restringido 
942 |c BOOK 
999 0 |a Civil Law 
999 0 |a Constitutional Law